000 00334nam a2200145 i 4500
001 bg
100 1 _aHUTCHIN, Kenneth C.
245 0 _aMąż też człowiek /
_cKenneth C. Hutchin.
250 _aWyd.2.
260 _aWarszawa,
_c1969.
040 _cBPK
041 _apol
942 _cKS
008 s pl f |000 0 pol
999 _c21343
_d21343
856 _uhttp://koha.tu.koszalin.pl/cgi-bin/koha/opac-detail.pl?biblionumber=21343
_yKatalog online BPK